| 000 | 01140 a2200217 4500 | ||
|---|---|---|---|
| 001 | 3728 | ||
| 005 | 20260407155429.0 | ||
| 008 | 260407a2004 arg spa d | ||
| 003 | AR-UNSa-BCEJYS | ||
| 040 |
_aAR-UNSa-BCEJYS _bspa _cAR-UNSa-BCEJYS |
||
| 080 |
_a51-7 _xEstudios y métodos matemáticos en otros campos del conocimiento. Matemáticas científicas. Matemáticas actuariales (Matemáticas Financieras) |
||
| 245 | 1 | 0 | _aMatemática financiera |
| 020 | _a987-508-318-6 | ||
| 264 | 1 |
_aSanta Fe : _bEdiciones UNL _c2004 |
|
| 300 |
_a401 p. _c28 cm. |
||
| 505 | _a1. Operaciones financieras - 2. Descuento o actualización - 3. Principio genético del rédito - 4. Rentas - 5. Sistemas de concesión de préstamos - 6. Empréstitos - 7. Sociedades de capitalización - 8. Nociones elementales de cálculo actuarial - 9. Inversión - 10. Resolución de problemas - 11. Gráficos - 12. Planillas y tablas - 13. Guía de exámen | ||
| 942 | _cBK | ||
| 590 | _aniveau_biblio:m niveau_hierar:0 | ||
| 100 | 1 | _aCícero, Fernando J.R. | |
| 856 | 4 | 1 |
_uhttps://www.biblioeco.unsa.edu.ar/pmb/images/libros/L128228.jpg _yImagen de portada _qimage/jpeg |
| 999 |
_c341 _d341 |
||